| 000 | 01800cam a22004574i 4500 | ||
|---|---|---|---|
| 003 | PE-LiUPU | ||
| 005 | 20250731173021.0 | ||
| 008 | 150623s r 000 0 d | ||
| 035 | _a(Sirsi) a23349 | ||
| 040 |
_aPE-LiUPU _bspa _cPE-LiUPU _erda |
||
| 082 | 0 | 4 |
_a200.1 _bV47 _221 |
| 100 | 1 |
_aVera Paredes, Daniel, _eautor. |
|
| 245 | 1 | 3 |
_aUn puente sobre el abismo : _bintroducción al cristianismo / _cDaniel Vera Paredes. |
| 264 | 1 |
_a[Chile] : _bs.e., _c[1998]. |
|
| 300 |
_a258 páginas ; _c21 cm. |
||
| 336 |
_atext _2rdacontent |
||
| 337 |
_aunmediated _2rdamedia |
||
| 338 |
_avolume _2rdacarrier |
||
| 504 | _aIncluye bibliografía. | ||
| 505 | 0 | _aLa religión y las religiones. -La existencia de Dios. -La revelación e inspiración. -La fe como respuesta a la inspiración. -La soteriología bíblica. -La etica cristiana. | |
| 526 | _aSEG42 | ||
| 526 | _aSEG41 | ||
| 526 | _aSEG40 | ||
| 526 | _aSEG39 | ||
| 526 | _aP94 | ||
| 526 | _aP87 | ||
| 526 | _aP86 | ||
| 526 | _aP85 | ||
| 526 | _aP77 | ||
| 526 | _aP76 | ||
| 526 | _aP35 | ||
| 650 | 1 | 4 | _aCristianismo. |
| 942 |
_2ddc _cBOOK |
||
| 949 |
_a200.1 V47 _wDEWEY _c1 _i47484 _lCCODEBUL1 _mBUL _p00.00 _r0 _sY _tBOOK _u2015-06-24 _xTEOLOGIA _PP35 _0COMPRA _o.STAFF. Colección General |
||
| 949 |
_a200.1 V47 _wDEWEY _c2 _i47483 _lCCODEBUL1 _mBUL _p00.00 _r0 _sY _tBOOK _u2015-06-24 _xTEOLOGIA _PP35 _0COMPRA _o.STAFF. Colección General |
||
| 596 | _a1 | ||
| 999 |
_a200.1 V47 _wDEWEY _c24016 _i47484 _f2021-11-9 _g5 _lCCODEBUL1 _mBUL _r0 _sY _tBOOK _u2015-6-24 _xTEOLOGIA _PP35 _0COMPRA _o.STAFF. Colección General _d24016 |
||
| 999 |
_a200.1 V47 _wDEWEY _c2 _i47483 _f2021-11-9 _g5 _lCCODEBUL1 _mBUL _r0 _sY _tBOOK _u2015-6-24 _xTEOLOGIA _PP35 _0COMPRA _o.STAFF. Colección General |
||
| 980 |
_81 _gALBERTO SANCHEZ Responsable de Automatización |
||